000 00932nam a22002777a 4500
001 2366
003 CO-MdFUSB
005 20210918063848.0
008 170309t1978 pe ||||| |||| 00| 0 spa d
040 _aCO-MdFUSB
_bspa
_cCO-MdFUSB
_dCO-MdFUSBC
_erda
041 0 _aspa
082 0 4 _aG 201 M1533t
100 1 _aMackay, Juan A. (Alexander) (1889-)
_eautor
245 1 0 _aEl sentido de la vida
_b: Pláticas a la juventud
_c/ Juan A. Mackay
250 _a3
264 4 _aLima, Perú:
_bMinerva,
_c©1978
300 _a91 Pag
_b
_c;
336 _2rdacontent
_a1
_ba1
337 _2rdamedia
_a2
_b5
338 _2rdacarrier
_a2
_b5
505 0 0 _ael sentido de la hombridad -- el sentido de la vocación -- el sentido de la verdad -- el sentido de la amistad -- el sentido del universo -- el sentido de lo cristiano
650 7 _aÉtica social.
_2
_9186
650 0 _aConducta de vida
_920
653 _aConducta (ética)
942 _cBK
999 _c33266
_d33266